[Event "FRA T I 120102011"]
[Site "FRA"]
[Date "2010.11.13"]
[Round "2.5"]
[White "Carvallo, Henri"]
[Black "Godard, Maxence"]
[Result "0-1"]
[WhiteElo "2154"]
[BlackElo "2339"]
[PlyCount "190"]
[EventDate "2010.10.17"]
[EventType "team-match"]
[EventRounds "9"]
[EventCountry "FRA"]
[Source "FFE"]
[SourceDate "2010.10.29"]

1. d4 d5 2. Bf4 c6 3. e3 Bf5 4. c4 e6 5. Nc3 Nd7 6. Qb3 Qb6 7. Nf3 Ngf6 8. c5
Qxb3 9. axb3 a6 10. h3 Be7 11. b4 O-O 12. Be2 Ne4 13. O-O Rac8 14. Nxe4 Bxe4
15. Nd2 Bd8 16. Nxe4 dxe4 17. f3 exf3 18. Bxf3 Bc7 19. Bxc7 Rxc7 20. Rad1 f5
21. g4 Nf6 22. g5 Nd5 23. Bxd5 exd5 24. Rf4 Re7 25. Kf2 g6 26. Ra1 Kg7 27. Ra3
Re4 28. Kg3 Re6 29. Rf3 h6 30. gxh6+ Kxh6 31. Ra1 Kg5 32. Kf2 Rh8 33. Rg1+ Kf6
34. Rfg3 Kf7 35. Kf3 Rhe8 36. Kf2 f4 37. Rf3 Rxe3 38. Rxf4+ Kg7 39. Rfg4 Re2+
40. Kf1 Re1+ 41. Kf2 R8e2+ 42. Kf3 Rxg1 43. Kxe2 Rb1 44. Kd3 Rxb2 45. Kc3 Re2
46. Rg3 Kf6 47. Rf3+ Ke7 48. Rg3 Re6 49. Kd3 Rf6 50. Re3+ Kd7 51. Rg3 Kc7 52.
Re3 Kb8 53. Rg3 Ka7 54. Re3 a5 55. bxa5 Ka6 56. Ke2 Rf4 57. Kd3 Kxa5 58. Kc3
Kb5 59. Rd3 Rf1 60. Kb3 Rb1+ 61. Kc3 Ka4 62. Kc2 Rh1 63. Kc3 Kb5 64. Kb3 Rb1+
65. Kc3 Rg1 66. Kb3 b6 67. cxb6 Kxb6 68. Kb4 Rb1+ 69. Kc3 Rf1 70. Rg3 Rf6 71.
Kb4 Re6 72. Kc3 Kb5 73. Kd3 Rf6 74. Kc3 c5 75. dxc5 Kxc5 76. Kd3 Ra6 77. Rg1
Ra3+ 78. Kd2 Rxh3 79. Rxg6 Kc4 80. Re6 Rh2+ 81. Ke3 d4+ 82. Kf3 Kd3 83. Rd6 Ra2
84. Rh6 Ra8 85. Rf6 Re8 86. Ra6 Rf8+ 87. Kg2 Ke3 88. Re6+ Kd2 89. Ra6 d3 90.
Ra2+ Ke3 91. Ra3 Ke2 92. Ra7 Rg8+ 93. Kh3 Re8 94. Kg3 d2 95. Ra2 Ke1 0-1

[Event "FRA T I 120102011"]
[Site "FRA"]
[Date "2010.11.14"]
[Round "3.6"]
[White "Pel, Bonno"]
[Black "Godard, Maxence"]
[Result "0-1"]
[WhiteElo "2279"]
[BlackElo "2339"]
[PlyCount "152"]
[EventDate "2010.10.17"]
[EventType "team-match"]
[EventRounds "9"]
[EventCountry "FRA"]
[Source "FFE"]
[SourceDate "2010.10.29"]

1. g3 d5 2. Bg2 Nf6 3. d3 c5 4. Bg5 e6 5. Nc3 Be7 6. e4 d4 7. Nce2 Nc6 8. h3 e5
9. f4 h6 10. Bxf6 Bxf6 11. Nf3 exf4 12. gxf4 Bh4+ 13. Nxh4 Qxh4+ 14. Kd2 Be6
15. Qe1 Qd8 16. Qg3 Qa5+ 17. Kc1 O-O-O 18. f5 Bd7 19. Nf4 Qc7 20. Rf1 Qe5 21.
Rf3 Rde8 22. Kd2 Rhg8 23. Rg1 g6 24. fxg6 fxg6 25. Nd5 Rgf8 26. Rgf1 Qxg3 27.
Rxg3 Rxf1 28. Bxf1 Ne5 29. c3 Be6 30. h4 Bxd5 31. exd5 Kc7 32. Bg2 Rf8 33. Be4
Rf2+ 34. Kc1 Rf6 35. Rg2 Kd6 36. Kd2 b6 37. Ke2 Rf4 38. cxd4 cxd4 39. Bxg6 Kxd5
40. h5 Rg4 41. Be4+ Ke6 42. Rxg4 Nxg4 43. Kf3 Nf6 44. Bg6 Ke5 45. Bf7 a5 46. a3
Nd7 47. Be8 Nc5 48. Bb5 Ne6 49. Bc4 Nf4 50. Kg4 Ng2 51. Kf3 Ne3 52. Bb3 b5 53.
Bf7 b4 54. axb4 axb4 55. Bb3 Nf5 56. Bc4 Nd6 57. Bb3 Nb7 58. Bc4 Nc5 59. Bb5
Nb7 60. Be8 Nd6 61. Bc6 Nf5 62. Bb5 Ng7 63. Kg4 Ne6 64. Bc4 Nf8 65. Bf7 Nd7 66.
Kf3 Nc5 67. Bc4 Na4 68. Bb3 Nc5 69. Bc4 Nd7 70. Bf7 Kf6 71. Bc4 Kf5 72. Bb5
Ne5+ 73. Ke2 Kf4 74. Be8 Ng4 75. Bg6 Ne3 76. Bf7 Kg4 0-1

[Event "FRA T I 120102011"]
[Site "FRA"]
[Date "2010.10.17"]
[Round "1.2"]
[White "Piankov, Evgenij"]
[Black "Landenbergue, Claude"]
[Result "1/2-1/2"]
[WhiteElo "2341"]
[BlackElo "2410"]
[PlyCount "144"]
[EventDate "2010.10.17"]
[EventType "team-match"]
[EventRounds "9"]
[EventCountry "FRA"]
[Source "FFE"]
[SourceDate "2010.10.29"]
[WhiteTeam "Issy-Les-Moulineaux"]
[BlackTeam "Bois-Colombes"]
[WhiteTeamCountry "FRA"]
[BlackTeamCountry "FRA"]

1. d4 d6 2. Nf3 Bg4 3. Bg5 Bxf3 4. exf3 c6 5. c3 Nd7 6. Bc4 Ngf6 7. O-O e6 8.
Nd2 d5 9. Bd3 Bd6 10. Qc2 h6 11. Bh4 O-O 12. Rfe1 Qc7 13. Bg3 c5 14. Bxd6 Qxd6
15. dxc5 Nxc5 16. Bf1 Rac8 17. Nb3 a6 18. Rad1 Na4 19. Nd4 b5 20. a3 Nd7 21. g3
Rfe8 22. f4 Ndb6 23. Nf3 Qc7 24. Ne5 Rcd8 25. Nf3 Qc5 26. Re3 Nc4 27. Bxc4 dxc4
28. Re2 Qc8 29. Red2 Nc5 30. Rd4 Qc7 31. Qd2 Rxd4 32. Qxd4 Nd3 33. b4 Rd8 34.
Qe3 Rd5 35. Rd2 Qd6 36. Kf1 a5 37. Ne1 axb4 38. axb4 Nxb4 39. Rb2 Nd3 40. Rb1
Qa3 41. Nxd3 cxd3 42. Qd2 Qa4 43. Rb4 Qa1+ 44. Kg2 Qa8 45. Kg1 Qc6 46. Rb1 g6
47. Rd1 Qc4 48. h3 h5 49. Kh2 Qb3 50. Re1 Qc4 51. Re3 h4 52. Kg2 hxg3 53. fxg3
Rd8 54. h4 Qd5+ 55. Kh2 Rd7 56. Re5 Qf3 57. Rxb5 Ra7 58. Qg2 Qd1 59. Rb2 Qc1
60. Qd2 Ra1 61. Qxc1 Rxc1 62. Rb8+ Kg7 63. Rd8 Rxc3 64. Kg2 Kf6 65. g4 Ke7 66.
Rd4 e5 67. fxe5 Ke6 68. h5 gxh5 69. gxh5 Kxe5 70. Rd8 Rc6 71. Rxd3 Rh6 72. Re3+
Kf4 1/2-1/2

[Event "FRA T I 120102011"]
[Site "FRA"]
[Date "2010.10.17"]
[Round "1.4"]
[White "Leriche, Luc"]
[Black "Grizou, Regis"]
[Result "0-1"]
[WhiteElo "1971"]
[BlackElo "2200"]
[PlyCount "128"]
[EventDate "2010.10.17"]
[EventType "team-match"]
[EventRounds "9"]
[EventCountry "FRA"]
[Source "FFE"]
[SourceDate "2010.10.29"]
[WhiteTeamCountry "FRA"]
[BlackTeamCountry "FRA"]

1. e4 c5 2. Nf3 e6 3. g3 b6 4. d4 cxd4 5. Nxd4 Bb7 6. Bg2 Nf6 7. Bg5 Be7 8. Nc3
d6 9. O-O Qd7 10. Re1 O-O 11. Qe2 h6 12. Be3 a6 13. Rad1 Qc7 14. f4 Nbd7 15. g4
Nc5 16. Bf2 d5 17. exd5 Qxf4 18. dxe6 Bxg2 19. exf7+ Rxf7 20. Kxg2 Qxg4+ 21.
Qxg4 Nxg4 22. Bg3 Bg5 23. Kh3 Ne3 24. Rxe3 Bxe3 25. Nd5 Bxd4 26. Rxd4 Ne6 27.
Rd3 Re8 28. Kg2 Ng5 29. Nf4 Re4 30. Rd8+ Kh7 31. h4 Rexf4 32. hxg5 Rc4 33. c3
hxg5 34. Rd6 Rf6 35. Rd5 Kg6 36. Rd7 Re4 37. Rd2 b5 38. Bf2 Kh5 39. Bd4 Rg4+
40. Kh2 Rf3 41. Bxg7 Rh4+ 42. Kg2 Rfh3 43. Be5 Re3 44. Bd4 Re6 45. b3 Kg6 46.
a4 bxa4 47. bxa4 Kf5 48. a5 Rg4+ 49. Kf3 Rh6 50. Rd1 Rh3+ 51. Kf2 Rgh4 52. Ke2
Rh1 53. Bg1 Rg4 54. Kf2 Rhxg1 55. Rxg1 Rxg1 56. Kxg1 Ke4 57. Kg2 Kd3 58. Kg3
Kxc3 59. Kg4 Kb4 60. Kxg5 Kxa5 61. Kf4 Kb4 62. Ke3 Kc3 63. Ke2 a5 64. Kd1 Kb2
0-1

[Event "FRA T I 120102011"]
[Site "FRA"]
[Date "2010.10.17"]
[Round "1.2"]
[White "Dieu, Bruno"]
[Black "Saada, Julien"]
[Result "1/2-1/2"]
[WhiteElo "2303"]
[BlackElo "2298"]
[PlyCount "119"]
[EventDate "2010.10.17"]
[EventType "team-match"]
[EventRounds "9"]
[EventCountry "FRA"]
[Source "FFE"]
[SourceDate "2010.10.29"]
[WhiteTeam "Tours"]
[WhiteTeamCountry "FRA"]
[BlackTeamCountry "FRA"]

1. d4 d5 2. Nf3 Nf6 3. e3 c6 4. c4 e6 5. Bd3 Nbd7 6. O-O Bd6 7. Nbd2 O-O 8. b3
e5 9. cxd5 cxd5 10. dxe5 Nxe5 11. Be2 Bf5 12. Bb2 Nc6 13. Nd4 Bd7 14. N2f3 Rc8
15. Rc1 a6 16. a3 Qe7 17. Nxc6 Bxc6 18. b4 Rfd8 19. Qd4 Bd7 20. Bd3 h6 21. h3
a5 22. Qh4 axb4 23. axb4 Ne4 24. Qxe7 Bxe7 25. b5 Nd6 26. Ba3 Kf8 27. Nd4 Nc4
28. Bxe7+ Kxe7 29. Bxc4 Rxc4 30. Rfd1 Rxc1 31. Rxc1 Kd6 32. b6 Rc8 33. Nb5+ Ke7
34. Nc7 Kd6 35. Kf1 Bc6 36. g3 Rd8 37. Ke2 Rd7 38. Kd3 Re7 39. f3 f5 40. Kd4 g5
41. g4 f4 42. exf4 gxf4 43. h4 Re2 44. Rb1 Rd2+ 45. Kc3 Rf2 46. Kd4 Rxf3 47.
Re1 Re3 48. Rxe3 fxe3 49. Kxe3 Ke5 50. g5 d4+ 51. Kd2 hxg5 52. hxg5 Be4 53. Ne8
Bb1 54. Nf6 Bf5 55. Nh5 Bg6 56. Ng3 Kf4 57. Ne2+ Ke4 58. Nc1 Bf7 59. Nd3 Bd5
60. g6 1/2-1/2

[Event "FRA T I 120102011"]
[Site "FRA"]
[Date "2010.11.14"]
[Round "3.5"]
[White "Leriche, Luc"]
[Black "Beneteau, Hubert"]
[Result "1/2-1/2"]
[WhiteElo "1968"]
[BlackElo "2132"]
[PlyCount "117"]
[EventDate "2010.10.17"]
[EventType "team-match"]
[EventRounds "9"]
[EventCountry "FRA"]
[Source "FFE"]
[SourceDate "2010.10.29"]
[WhiteTeamCountry "FRA"]
[BlackTeamCountry "FRA"]

1. e4 c5 2. Nf3 e6 3. g3 Nc6 4. Bg2 Nf6 5. d3 d5 6. Qe2 Be7 7. O-O O-O 8. e5
Nd7 9. c4 Re8 10. Re1 Nf8 11. h4 Bd7 12. Nc3 Nd4 13. Qd1 Bc6 14. Nxd4 cxd4 15.
cxd5 exd5 16. Ne2 Ne6 17. Nf4 Bb4 18. Bd2 Nxf4 19. Bxb4 Nxg2 20. Kxg2 Qb6 21.
Ba3 Bd7 22. Rc1 Qe6 23. Qf3 b6 24. b3 Qh3+ 25. Kg1 Bf5 26. Bb2 Rad8 27. Bxd4
Bg6 28. Rc7 Qe6 29. Rxa7 Bf5 30. Rc1 Rc8 31. Rcc7 Rxc7 32. Rxc7 Qg6 33. Rc3 Qe6
34. Qe3 b5 35. f4 Qa6 36. Rc2 b4 37. Rd2 Rc8 38. Bc5 h6 39. Kf2 Qb5 40. d4 Ra8
41. Qe2 Qd7 42. Bxb4 Be4 43. g4 h5 44. Kg3 hxg4 45. Bc5 Bf3 46. Qf1 Qf5 47. a4
f6 48. Qd3 Be4 49. Qe3 Kf7 50. Qe2 Bf3 51. e6+ Kg6 52. Qe1 Rh8 53. e7 Kf7 54.
Qe3 Ke8 55. a5 Rxh4 56. Kxh4 Qh7+ 57. Kg3 Qh3+ 58. Kf2 Qg2+ 59. Ke1 1/2-1/2

[Event "FRA T I 120102011"]
[Site "FRA"]
[Date "2010.10.17"]
[Round "1.4"]
[White "Giacomini, Hector"]
[Black "Bedouin, Xavier"]
[Result "0-1"]
[WhiteElo "2277"]
[BlackElo "2401"]
[PlyCount "112"]
[EventDate "2010.10.17"]
[EventType "team-match"]
[EventRounds "9"]
[EventCountry "FRA"]
[Source "FFE"]
[SourceDate "2010.10.29"]
[WhiteTeamCountry "FRA"]
[BlackTeamCountry "FRA"]

1. d4 d5 2. Nf3 Nf6 3. c4 e6 4. Nc3 c6 5. e3 Nbd7 6. Qc2 Bd6 7. Bd3 O-O 8. O-O
dxc4 9. Bxc4 b5 10. Bd3 Bb7 11. Rd1 Qc7 12. e4 e5 13. h3 Rfe8 14. Be3 exd4 15.
Nxd4 b4 16. Na4 c5 17. Nb5 Bh2+ 18. Kh1 Qe5 19. Nxc5 Nxc5 20. Qxc5 Nxe4 21.
Qxe5 Bxe5 22. Kg1 Bxb2 23. Bxe4 Bxe4 24. Nc7 a5 25. Nxe8 Rxe8 26. Rac1 Bxc1 27.
Rxc1 h6 28. Rc7 a4 29. Rc4 b3 30. axb3 axb3 31. Rb4 Bd5 32. Kh2 Kh7 33. Rb5 Bc4
34. Rb4 Bd5 35. Rb5 Bc4 36. Rb4 Rc8 37. Bd4 Bd5 38. Rb5 Bc4 39. Rb4 Bd5 40. Rb5
Be6 41. Rb4 Rc1 42. Kg3 Rg1 43. Kh2 Rd1 44. Be3 g5 45. Rb6 Kg6 46. Rb5 Bd5 47.
Kg3 Kf5 48. f3 h5 49. h4 gxh4+ 50. Kxh4 Rh1+ 51. Kg3 h4+ 52. Kf2 Ke5 53. Rb4
Ke6 54. Bf4 Kf5 55. Be3 h3 56. gxh3 b2 0-1

[Event "FRA T I 120102011"]
[Site "FRA"]
[Date "2010.10.17"]
[Round "1.1"]
[White "Inkiov, Ventzislav"]
[Black "Salaun, Yann"]
[Result "1/2-1/2"]
[WhiteElo "2485"]
[BlackElo "2329"]
[PlyCount "111"]
[EventDate "2010.10.17"]
[EventType "team-match"]
[EventRounds "9"]
[EventCountry "FRA"]
[Source "FFE"]
[SourceDate "2010.10.29"]
[WhiteTeamCountry "FRA"]
[BlackTeamCountry "FRA"]

1. e4 Nf6 2. Nc3 d5 3. e5 Ne4 4. Nf3 Bg4 5. h3 Bh5 6. g4 Bg6 7. Ne2 e6 8. d3
Nc5 9. Nf4 Ncd7 10. h4 h6 11. Nxg6 fxg6 12. d4 Be7 13. Bd3 Nf8 14. c3 c5 15.
Qc2 Nc6 16. Bxg6+ Nxg6 17. Qxg6+ Kd7 18. dxc5 Qc7 19. Be3 Raf8 20. Nd4 Qxe5 21.
Nxc6 Kxc6 22. O-O-O Bxc5 23. Bxc5 Kxc5 24. Rhe1 Qf6 25. Rxe6 Qxg6 26. Rxg6 Rf7
27. f4 Re8 28. f5 Re5 29. h5 a5 30. Rd2 Re4 31. Kc2 Rfe7 32. f6 gxf6 33. Rxh6
Rxg4 34. Rxf6 Rh4 35. Rf5 Rd7 36. a4 Kc6 37. Kb3 Rd6 38. Rg2 Kc5 39. Rg7 Rb6+
40. Ka3 Rh1 41. b4+ axb4+ 42. cxb4+ Rxb4 43. Rc7+ Kb6 44. Rxb7+ Kxb7 45. Kxb4
d4 46. Kc4 Rh4 47. Kd3 Ka7 48. a5 Kb7 49. Kc4 Ka6 50. Rd5 Kb7 51. Kb5 d3 52.
a6+ Ka7 53. Rd7+ Ka8 54. Kb6 Rb4+ 55. Kc5 Rh4 56. Kb6 1/2-1/2

[Event "FRA T I 120102011"]
[Site "FRA"]
[Date "2010.10.17"]
[Round "1.2"]
[White "Rabineau, Clement"]
[Black "Beikert, Guenther"]
[Result "1/2-1/2"]
[WhiteElo "2331"]
[BlackElo "2461"]
[PlyCount "105"]
[EventDate "2010.10.17"]
[EventType "team-match"]
[EventRounds "9"]
[EventCountry "FRA"]
[Source "FFE"]
[SourceDate "2010.10.29"]
[WhiteTeamCountry "FRA"]
[BlackTeamCountry "FRA"]

1. e4 e5 2. Nf3 Nc6 3. Bb5 a6 4. Bxc6 dxc6 5. O-O Bg4 6. h3 h5 7. d3 Qf6 8.
Nbd2 Ne7 9. Re1 Ng6 10. d4 Nf4 11. hxg4 hxg4 12. Nh2 Nxg2 13. Ndf1 Nxe1 14.
Qxe1 exd4 15. Qe2 Bd6 16. Qxg4 Rh4 17. Qg2 Qe6 18. f3 Kd7 19. Bg5 Rh7 20. Qg4
f6 21. Bd2 Qxg4+ 22. Nxg4 f5 23. exf5 Rf8 24. Kg2 Rxf5 25. Ng3 Bxg3 26. Kxg3
Rh8 27. Nf2 Rhf8 28. f4 g5 29. Nd3 gxf4+ 30. Bxf4 Rg8+ 31. Kf3 Rh5 32. Re1 Rh3+
33. Kf2 Rf8 34. Ne5+ Kc8 35. Kg2 Rh7 36. Nd3 Rg7+ 37. Kf3 Rh7 38. Re4 Rh2 39.
Re7 Rxf4+ 40. Nxf4 Rxc2 41. Re2 Rxe2 42. Kxe2 c5 43. Kd3 Kd7 44. Ke4 Kd6 45.
Ng6 Ke6 46. Ne5 Kd6 47. Nc4+ Kc6 48. a4 b5 49. Ne5+ Kb6 50. Nd7+ Kc6 51. Ne5+
Kb6 52. Nd7+ Kc6 53. Ne5+ 1/2-1/2

[Event "FRA T I 120102011"]
[Site "FRA"]
[Date "2010.10.17"]
[Round "1.7"]
[White "Bleuzen, Erwan"]
[Black "Auvray, Juliette"]
[Result "0-1"]
[WhiteElo "2048"]
[BlackElo "2002"]
[PlyCount "102"]
[EventDate "2010.10.17"]
[EventType "team-match"]
[EventRounds "9"]
[EventCountry "FRA"]
[Source "FFE"]
[SourceDate "2010.10.29"]
[WhiteTeamCountry "FRA"]
[BlackTeamCountry "FRA"]

1. d4 Nf6 2. c4 e6 3. Nf3 Bb4+ 4. Bd2 Qe7 5. g3 O-O 6. Bg2 Bxd2+ 7. Nbxd2 d5 8.
O-O Nbd7 9. Qc2 a6 10. e4 dxe4 11. Nxe4 c5 12. Nxf6+ Nxf6 13. Rad1 cxd4 14.
Nxd4 e5 15. Nf5 Qc7 16. b3 Be6 17. Rfe1 Rfd8 18. Ne3 Rd4 19. Qe2 Rad8 20. Nc2
Bg4 21. f3 Rxd1 22. Rxd1 Bf5 23. Ne3 Be6 24. Nc2 Rxd1+ 25. Qxd1 Qc5+ 26. Kh1 h6
27. Ne1 Qe3 28. Qd8+ Kh7 29. Qd3+ Qxd3 30. Nxd3 Nd7 31. f4 b6 32. Nxe5 Nxe5 33.
fxe5 Kg6 34. Be4+ Bf5 35. Bd5 Bb1 36. a3 Ba2 37. Be4+ f5 38. Bc2 Kf7 39. Kg2
Ke6 40. Kf3 Kxe5 41. Ke3 g5 42. Kd3 f4 43. Kc3 f3 44. Kd3 f2 45. Ke2 Kd4 46. b4
Bxc4+ 47. Kxf2 Kc3 48. Bd1 Kb2 49. a4 Bb3 50. Be2 Bxa4 51. Ke3 Kb3 0-1

[Event "FRA T I 120102011"]
[Site "FRA"]
[Date "2010.10.17"]
[Round "1.8"]
[White "Chevalier, Nathalie"]
[Black "Le Bail, Clara"]
[Result "0-1"]
[WhiteElo "1510"]
[BlackElo "2043"]
[PlyCount "102"]
[EventDate "2010.10.17"]
[EventType "team-match"]
[EventRounds "9"]
[EventCountry "FRA"]
[Source "FFE"]
[SourceDate "2010.10.29"]
[WhiteTeamCountry "FRA"]
[BlackTeamCountry "FRA"]

1. d4 d5 2. Bf4 Nf6 3. Nf3 Bf5 4. e3 c6 5. c4 Qb6 6. Qb3 Qxb3 7. axb3 e6 8. Be2
Bb4+ 9. Nbd2 Nbd7 10. O-O O-O 11. Ra4 a5 12. c5 Rfc8 13. Bd6 Ne8 14. Be7 f6 15.
Rfa1 Kf7 16. Bd6 Nxd6 17. cxd6 b6 18. Rc1 Bxd6 19. Nb1 Kg8 20. Nc3 Rc7 21. Raa1
e5 22. h3 Rf8 23. Nh4 Be6 24. Nf3 e4 25. Nh4 g5 26. f3 gxh4 27. fxe4 dxe4 28.
Nxe4 Bb4 29. Rf1 Be7 30. Rf4 f5 31. Nd2 Bg5 32. Rf3 Bd5 33. Bc4 Nf6 34. Rxf5
Bxe3+ 35. Kh1 Bxd2 36. Raf1 Rcf7 37. Bxd5 Nxd5 38. Rxf7 Rxf7 39. Re1 Rf2 40.
Kg1 Be3 41. Kh1 Nf4 42. Rg1 Ne2 43. Re1 Ng3+ 44. Kh2 Rf1 45. Rxf1 Nxf1+ 46. Kh1
Bxd4 47. g3 hxg3 48. Kg2 Nd2 49. Kxg3 Nxb3 50. h4 Bxb2 51. Kg4 a4 0-1

[Event "FRA T I 120102011"]
[Site "FRA"]
[Date "2010.10.17"]
[Round "1.6"]
[White "Sola, Flavien"]
[Black "Marciniak, Gerard"]
[Result "0-1"]
[WhiteElo "1903"]
[BlackElo "2111"]
[PlyCount "102"]
[EventDate "2010.10.17"]
[EventType "team-match"]
[EventRounds "9"]
[EventCountry "FRA"]
[Source "FFE"]
[SourceDate "2010.10.29"]
[WhiteTeamCountry "FRA"]
[BlackTeamCountry "FRA"]

1. e4 g6 2. c4 c5 3. Nc3 Bg7 4. g3 Nc6 5. Bg2 d6 6. d3 a6 7. a4 e6 8. Nge2 Nge7
9. Be3 Nd4 10. Rb1 Nec6 11. O-O O-O 12. Qd2 Nb4 13. Nxd4 cxd4 14. Ne2 dxe3 15.
Qxb4 exf2+ 16. Rxf2 Rb8 17. Rd1 b5 18. cxb5 Qb6 19. d4 axb5 20. a5 Qd8 21. Nc3
Qd7 22. Bh3 Qc7 23. Bf1 Ba6 24. Na2 Bh6 25. Qe1 Rfc8 26. Nb4 Qa7 27. Nc2 b4 28.
Nxb4 Bxf1 29. Rxf1 Qxa5 30. Nd3 Qxe1 31. Rfxe1 Rc2 32. h4 Bg7 33. e5 dxe5 34.
dxe5 Rb5 35. Kf1 Kf8 36. Ra1 Rc8 37. Kf2 Rd5 38. Ra3 Rc2+ 39. Kf3 Rc8 40. g4 h6
41. Re4 Ke8 42. Ke3 Bf8 43. b4 Be7 44. h5 gxh5 45. gxh5 Bd8 46. Nf4 Bb6+ 47.
Kf3 Rd1 48. Ne2 Rf1+ 49. Kg4 Ke7 50. Ra6 Rg8+ 51. Kh3 Rh1# 0-1

[Event "FRA T I 120102011"]
[Site "FRA"]
[Date "2010.10.17"]
[Round "1.6"]
[White "Beudaert, Xavier"]
[Black "Meaux, Xavier"]
[Result "1-0"]
[WhiteElo "2330"]
[BlackElo "2074"]
[PlyCount "97"]
[EventDate "2010.10.17"]
[EventType "team-match"]
[EventRounds "9"]
[EventCountry "FRA"]
[Source "FFE"]
[SourceDate "2010.10.29"]
[WhiteTeamCountry "FRA"]
[BlackTeamCountry "FRA"]

1. e4 Nf6 2. e5 Nd5 3. d4 d6 4. c4 Nb6 5. exd6 cxd6 6. Nc3 g6 7. Be3 Bg7 8. Be2
O-O 9. h3 Nc6 10. Nf3 Bf5 11. O-O d5 12. c5 Nc4 13. Bc1 e5 14. dxe5 d4 15. Bxc4
dxc3 16. Qe1 Qa5 17. Qxc3 Qxc3 18. bxc3 Nxe5 19. Nxe5 Bxe5 20. Ba3 Rfd8 21.
Rae1 Bf6 22. Re3 Rac8 23. Rfe1 Kg7 24. Bb4 Rd2 25. R3e2 Rxe2 26. Bxe2 a5 27.
Bxa5 Rxc5 28. Bb4 Bxc3 29. Bxc5 Bxe1 30. Bf3 b5 31. Kf1 Bc3 32. Ke2 b4 33. Bd5
h5 34. Ke3 f6 35. Bd4 Be1 36. Ke2 Bc3 37. Bxc3 bxc3 38. a4 Bd7 39. a5 Bb5+ 40.
Kd1 Ba6 41. Kc2 h4 42. Kxc3 f5 43. Kd4 Kf6 44. f4 g5 45. fxg5+ Kxg5 46. Ke5 Bf1
47. Bb7 f4 48. a6 f3 49. gxf3 1-0

[Event "FRA T I 120102011"]
[Site "FRA"]
[Date "2010.10.17"]
[Round "1.8"]
[White "Esposito, Marie Christine"]
[Black "Gaudron, Fanny"]
[Result "1-0"]
[WhiteElo "2097"]
[BlackElo "2014"]
[PlyCount "97"]
[EventDate "2010.10.17"]
[EventType "team-match"]
[EventRounds "9"]
[EventCountry "FRA"]
[Source "FFE"]
[SourceDate "2010.10.29"]
[WhiteTeamCountry "FRA"]
[BlackTeamCountry "FRA"]

1. d4 Nf6 2. Nf3 g6 3. Bf4 Bg7 4. e3 O-O 5. Be2 d6 6. h3 Nbd7 7. O-O Ne4 8.
Nbd2 Nxd2 9. Qxd2 e5 10. Bh2 e4 11. Ne1 f5 12. c4 Qe7 13. b4 g5 14. Rc1 Bh6 15.
c5 f4 16. c6 Nb6 17. Bd1 Kh8 18. a4 bxc6 19. Rxc6 f3 20. g4 Bb7 21. Rc1 Bg7 22.
Bg3 Qd7 23. Kh2 Nd5 24. Rh1 Nf6 25. Kg1 Rac8 26. Bb3 h5 27. Qa2 Rce8 28. b5 Re7
29. Nc2 Bh6 30. Nb4 hxg4 31. hxg4 Kg7 32. Nd5 Nxd5 33. Bxd5 Bc8 34. Rc6 Qxg4
35. Qc2 Qd7 36. Rc3 Rfe8 37. Bc6 Qf5 38. Bxe8 Rxe8 39. Rxc7+ Bd7 40. Bxd6 Kg6
41. Qc5 g4 42. Qxf5+ Bxf5 43. Rxa7 Rc8 44. Bc5 Bxe3 45. fxe3 g3 46. b6 Bg4 47.
Rhh7 f2+ 48. Kf1 Be6 49. Rhg7+ 1-0

[Event "FRA T I 120102011"]
[Site "FRA"]
[Date "2010.10.17"]
[Round "1.5"]
[White "Fougerit, Valentin"]
[Black "Gaborit, Jean Pierre"]
[Result "1-0"]
[WhiteElo "2200"]
[BlackElo "2226"]
[PlyCount "95"]
[EventDate "2010.10.17"]
[EventType "team-match"]
[EventRounds "9"]
[EventCountry "FRA"]
[Source "FFE"]
[SourceDate "2010.10.29"]
[WhiteTeamCountry "FRA"]
[BlackTeamCountry "FRA"]

1. e4 e6 2. d4 d5 3. Nd2 h6 4. Bd3 Nf6 5. e5 Nfd7 6. Ne2 c5 7. c3 Nc6 8. h4 Qb6
9. Nf3 a5 10. Rh3 a4 11. Kf1 cxd4 12. cxd4 a3 13. b3 Nb4 14. Bb1 Qa5 15. Kg1 b6
16. Rg3 Ba6 17. Nf4 O-O-O 18. h5 Nb8 19. Nd3 N8c6 20. Be3 Kb7 21. Nfe1 Nxd3 22.
Bxd3 Bxd3 23. Nxd3 Qb5 24. Rc1 Rc8 25. Rc3 Rg8 26. Rf3 Rc7 27. Qc2 Rd7 28. b4
Nxb4 29. Qb1 Qa4 30. Nxb4 Bxb4 31. Rb3 Ba5 32. Qh7 Rc8 33. Qd3 Bb4 34. Kh1 Rc4
35. Rg3 f5 36. exf6 gxf6 37. Rg6 e5 38. dxe5 d4 39. Qe4+ Ka7 40. Rg8 Rb7 41.
Bxh6 Qxb3 42. axb3 Rc5 43. Qxd4 Bc3 44. Qa4+ Ra5 45. Qe8 Ka6 46. Qa8+ Kb5 47.
Qxb7 a2 48. Qd5+ 1-0

[Event "FRA T I 120102011"]
[Site "FRA"]
[Date "2010.10.17"]
[Round "1.6"]
[White "Emmenecker, Philippe"]
[Black "Fournet, Arnaud"]
[Result "1-0"]
[WhiteElo "2186"]
[BlackElo "2178"]
[PlyCount "93"]
[EventDate "2010.10.17"]
[EventType "team-match"]
[EventRounds "9"]
[EventCountry "FRA"]
[Source "FFE"]
[SourceDate "2010.10.29"]
[WhiteTeamCountry "FRA"]
[BlackTeamCountry "FRA"]

1. d4 d5 2. Nf3 Nf6 3. c4 c6 4. Nc3 dxc4 5. g3 g6 6. Bg2 Bg7 7. Ne5 O-O 8. O-O
Ne8 9. Nxc4 Qxd4 10. Qb3 Nd6 11. Nxd6 Qxd6 12. Rd1 Qc7 13. Qa3 e5 14. Be3 Na6
15. Rac1 Be6 16. Nb5 Qb8 17. Nd6 Rd8 18. Ne4 Rxd1+ 19. Rxd1 Qf8 20. Nc5 Nxc5
21. Bxc5 Qc8 22. Qe3 Bxa2 23. Bxa7 b5 24. Qb6 Bd5 25. Bxd5 cxd5 26. Rxd5 b4 27.
Kg2 h5 28. h4 Kh7 29. e4 Qc2 30. Rd7 Qxe4+ 31. Kh2 Rc8 32. Qb7 Qxb7 33. Rxb7
Rc4 34. b3 Re4 35. Rxf7 g5 36. hxg5 Kg6 37. Rb7 Bf8 38. Be3 h4 39. Rb6+ Kg7 40.
Kg2 hxg3 41. Kxg3 Kf7 42. Rf6+ Kg7 43. Rh6 Be7 44. Kf3 Rd4 45. Bxd4 exd4 46.
Kg4 d3 47. Rh3 1-0

[Event "FRA T I 120102011"]
[Site "FRA"]
[Date "2010.10.17"]
[Round "1.8"]
[White "Bonvalot, Isabelle"]
[Black "Gignoux, Paul"]
[Result "0-1"]
[WhiteElo "1909"]
[BlackElo "2100"]
[PlyCount "90"]
[EventDate "2010.10.17"]
[EventType "team-match"]
[EventRounds "9"]
[EventCountry "FRA"]
[Source "FFE"]
[SourceDate "2010.10.29"]
[WhiteTeamCountry "FRA"]
[BlackTeamCountry "FRA"]

1. e4 e5 2. Nc3 Nc6 3. Bc4 Nf6 4. d3 Bc5 5. h3 d6 6. Na4 Bb6 7. Nxb6 axb6 8. a3
Be6 9. Ba2 Bxa2 10. Rxa2 d5 11. f3 Nh5 12. h4 O-O 13. g4 Nf4 14. Bxf4 exf4 15.
Ne2 dxe4 16. dxe4 Qf6 17. Qd2 Rfd8 18. Qxf4 Qxf4 19. Nxf4 Nb4 20. axb4 Rxa2 21.
Ke2 Rxb2 22. Rc1 Rxb4 23. Nd5 Rb2 24. Nxc7 Rc8 25. Nd5 Rbxc2+ 26. Rxc2 Rxc2+
27. Kd3 Rb2 28. f4 b5 29. h5 b4 30. h6 gxh6 31. Kc4 b3 32. e5 Rd2 33. Nf6+ Kg7
34. Kxb3 Kg6 35. f5+ Kg7 36. Kc4 Re2 37. Kd5 b5 38. Ne4 b4 39. Nc5 Rd2+ 40. Ke4
Rc2 41. Nd3 b3 42. f6+ Kf8 43. Kf5 Rd2 44. Nf4 b2 45. e6 b1=Q+ 0-1

[Event "FRA T I 120102011"]
[Site "FRA"]
[Date "2010.10.17"]
[Round "1.5"]
[White "Basic, Bosko"]
[Black "Daurelle, Herve"]
[Result "0-1"]
[WhiteElo "2070"]
[BlackElo "2279"]
[PlyCount "86"]
[EventDate "2010.10.17"]
[EventType "team-match"]
[EventRounds "9"]
[EventCountry "FRA"]
[Source "FFE"]
[SourceDate "2010.10.29"]
[WhiteTeamCountry "FRA"]
[BlackTeamCountry "FRA"]

1. Nf3 Nf6 2. d4 e6 3. g3 b6 4. Bg2 Bb7 5. O-O c5 6. c4 cxd4 7. b3 d6 8. Nxd4
Bxg2 9. Kxg2 Be7 10. Bb2 O-O 11. Nd2 Qc8 12. e4 Nc6 13. Nxc6 Qxc6 14. Qf3 Nd7
15. e5 Nxe5 16. Bxe5 Qxf3+ 17. Nxf3 dxe5 18. Nxe5 Bf6 19. f4 Rfd8 20. Rad1 Bxe5
21. fxe5 Kf8 22. Kf3 Ke7 23. Ke4 Rac8 24. Rxd8 Rxd8 25. Rf2 f5+ 26. exf6+ gxf6
27. Rc2 Rd1 28. g4 Kd6 29. b4 e5 30. Rc3 Rd4+ 31. Kf3 Rf4+ 32. Kg3 f5 33. gxf5
Rxf5 34. c5+ bxc5 35. Rxc5 Rf4 36. a3 Rf7 37. Rc2 Kd5 38. a4 e4 39. Rc8 Kd4 40.
Rd8+ Ke3 41. Rg8 Ke2 42. b5 e3 43. a5 Kf1 0-1